000 00513nam a2200181Ia 4500
005 20250326123457.0
008 250326s9999 xx 000 0 und d
037 _aTextbook
040 _aFMSL
_beng
_cFMSL
041 _aeng
_2eng
084 _aX:512 P4
_qFMSL
100 _aBerman B
_9735246
245 0 _aRetail Management: stategic approach
_cBerman B; Evans J R
260 _aNew Delhi
_bNew Delhi, Prentic-Hall
_c2005
300 _a578p
942 _cTB
_hX:512 P4
999 _c1269527
_d1269527